000 01427nam a2200313 i 4500
001 13890
003 ES-MaACL
005 20250823063028.0
007 t|
008 980722s1994 sp |||| | spa d
020 _a84-88639-33-3
080 _a265.5
080 _a37.04-055.2
100 1 _aVives, Juan Luis,
_d1492-1540
_9115574
245 1 3 _aLa formación de la mujer cristiana
_b= De institutione feminae christianae /
_cJuan Luis Vives ; introducción, traducción y notas por Joaquín Beltrán Serra.
246 1 1 _aDe institutione feminae christianae
260 _aValencia :
_bAjuntament de Valencia,
_c1994.
300 _a413 p. ;
_c22 cm.
490 1 _aColección J.L. Vives ;
_v4A
500 _aAcompaña a: De officio mariti = Los deberes del marido / Juan Luis Vives. Valencia : Ajuntament, 1994 (Colección J.L. Vives; 4A). Sign. en Biblioteca del Ateneo: L-21070.
500 _aAcompaña a: Hombre-mujer en Vives: itinerario para la reflexión / León Esteban Mateo. Valencia : Ajuntament, 1994 (Colección J.L. Vives; 4B). Sign. en Biblioteca del Ateneo: L-21072.
650 4 _aMatrimonio-
_xAspectos religiosos-
_xCristianismo.
_9162990
650 4 _aMujeres-
_xEducación
_912094
700 1 _aBeltrán Serra, Joaquín.
_927378
710 1 _aValencia.
_bAyuntamiento.
_97531
830 0 _aColección J.L. Vives ;
_v4A
_9179554
852 _aES-MaACL
_jL-21071
999 _c13890
_d13890